| 000 | 00860nab a2200265 4500 | ||
|---|---|---|---|
| 003 | BR-BrBNA | ||
| 005 | 20250506155941.0 | ||
| 008 | 250506b bl.||||| |||| 00| 0 por d | ||
| 040 |
_aBR-BrBNA _bpor |
||
| 072 | _aD50 ; Q03 ; Q80 ; E71 | ||
| 100 | _aVital, Nicholas | ||
| 245 |
_aPassaporte para o sucesso _bAgroeconomia |
||
| 500 | _a3 illus. | ||
| 650 | _aSELO DE QUALIDADE | ||
| 650 | _aBOAS PRÁTICAS AGROPECUÁRIAS | ||
| 650 | _aCERTIFICAÇÃO DE PRODUTO | ||
| 650 | _aNORMALIZAÇÃO | ||
| 650 | _aROTULAGEM | ||
| 650 | _aEXPORTAÇÃO | ||
| 650 | _aEUROPA | ||
| 650 | _aSUSTENTABILIDADE | ||
| 773 | 0 |
_01706 _9347865 _dSão Paulo-SP Editora Três Ltda - E-mail: luizfsa@revistadinheiro.com.br 2004 _o2025-0366 _tDinheiro Rural (Brazil) _x1807-3700 _gv. 4(35) p. 36-37; (Sep 2007) _wBR2025001045 |
|
| 942 | _cANA | ||
| 999 |
_c331357 _d331357 |
||